| 000 | 00364nam a22001457a 4500 | ||
|---|---|---|---|
| 003 | SGT | ||
| 082 |
_a617.5 _bC23S |
||
| 100 | _aSAINI, URVI | ||
| 245 | _aCorrelation between the size and site of tympanic membrane perforation and hearing loss | ||
| 260 |
_aGURUGRAM _bSGT UNIVERSITY _c2023 |
||
| 300 | _a64 | ||
| 650 | _aE.N.T. | ||
| 653 | _aM.S | ||
| 942 |
_2ddc _cTH |
||
| 999 |
_c26527 _d26527 |
||